00475 2200193 4500001002100000005001500021008004100036020001800077035001900095041000700114082001100121090001700132100001500149245001500164260003700179300004000216500001100256650001400267INLIS00000000002447220241224131726241224||||||||| | ||| |||| || |  a979-3084-02-2 0010-1224024472 aid0 a638.16 a638.16 SAR l0 aB. Sarwono00aLebah Madu aJakartabAgroMedia Pustakac2007 a23,5x15,5 cm, viii, 96 hlm.; ilus.: aCet. 6 0akesehatan